| 000 | 00617 a2200181 4500 | ||
|---|---|---|---|
| 999 |
_c4348 _d4348 |
||
| 010 | _aENG-86161 | ||
| 020 |
_a8173872007 _c350.00 |
||
| 035 | _aEN-69694 | ||
| 037 | _bDBAD / PUB | ||
| 082 | 1 | 4 | _a915.411 |
| 100 | 1 | _aBawa, Manmohan Singh | |
| 245 | 1 |
_aTourist & trekking guide to Ladakh and Zanskar / _cby Manmohan Singh Bawa |
|
| 260 |
_aNew Delhi _bIndus Publishing _c2007 |
||
| 270 |
_aFS-5, Tagore Garden _bNew Delhi _e110027 _k011-42133022, 011-42133622 _mindus@indus-publishing.com |
||
| 300 |
_a206 p. _c21cm. (Pbk.) _bill. |
||
| 500 | _aIncludes index | ||
| 942 |
_adpl _cEN _2ddc _h915.411 _mBAW |
||